Movies Quiz

Random Movies or Role Quiz

Lord of the Rings Movie Trivia Quiz Stats

 Plays Quiz not verified by Sporcle

Score 0/9 Timer 05:00
0 Plays Today
Character/Role Answer % Correct
The Director of the Lord of the Rings FilmsPeter Jackson
96.8%
Legolas (The actor)Orlando Bloom
94.8%
Frodo (The actor)Elijah Wood
93.9%
Arwen (The Actress)Liv Tyler
87.1%
Boromir (The actor)Sean Bean
84.3%
Aragorn (The actor)Viggo Mortensen
83.2%
Gandalf (The actor)Ian McKellen
82.9%
Galadriel (The Actress)Cate Blanchett
77.5%
Bilbo (The actor)Ian Holm
59.2%

You're not logged in!

Compare scores with friends on all Sporcle quizzes.
OR
Log In

Show Comments

Extras

Top Quizzes Today


Score Distribution

Your Account Isn't Verified!

In order to create a playlist on Sporcle, you need to verify the email address you used during registration. Go to your Sporcle Settings to finish the process.

Report this User

Report this user for behavior that violates our Community Guidelines.

Details: